[Event "46th GRE-chT Premier 2018"]
[Site "Rio Achaia"]
[Date "2018.07.13"]
[Round "5"]
[White "Petrakis, Ilias"]
[Black "Gkogkas, Dimitrios"]
[Result "1/2-1/2"]
[WhiteElo "2118"]
[BlackElo "2038"]
[Annotator "NA"]
[PlyCount "96"]
[EventDate "2018.07.10"]
[EventType "team-tourn"]
[EventCountry "GRE"]
[SourceTitle "playchess.com"]
[Source "ChessBase"]
[SourceQuality "1"]

1. e4 c5 2. Nf3 g6 3. d4 cxd4 4. Nxd4 Bg7 5. c4 Nc6 6. Be3 Nf6 7. Nc3 d6 8. Be2 O-O 9. Qd2 Bd7 10. f3 Nxd4 11. Bxd4 a5 12. g4 a4 13. h4 Qa5 14. h5 Be6 15. Nb5 Qxd2+ 16. Kxd2 Rfc8 17. h6 Bh8 18. b3 Bd7 19. Kd3 Bxb5 20. cxb5 Nd7 21. b4 Bxd4 22. Kxd4 Rc2 23. Bd3 Rf2 24. Ke3 Rb2 25. Rhb1 a3 26. f4 Ra4 27. Rc1 Raxb4 28. Rc7 Nf8 29. Rxe7 Rh2 30. Rc1 Rh3+ 31. Kd2 Rd4 32. Rc3 Rxh6 33. f5 gxf5 34. gxf5 Rh3 35. Rxb7 h5 36. b6 Nh7 37. Rb8+ Kg7 38. b7 Nf6 39. Rg8+ Kxg8 40. b8=Q+ Kg7 41. Kc2 Rh2+ 42. Kc1 Rh1+ 43. Kd2 Rh3 44. Ke2 Nxe4 45. Bxe4 Rxe4+ 46. Kd2 Rd4+ 47. Kc2 Rh2+ 48. Kc1 Rh1+ 1/2-1/2

[Event "46th GRE-chT Premier 2018"]
[Site "Rio Achaia"]
[Date "2018.07.13"]
[Round "5"]
[White "Samaridis, Konstantinos"]
[Black "Grigoriadis, Mihail"]
[Result "0-1"]
[WhiteElo "2103"]
[BlackElo "2236"]
[Annotator "NA"]
[PlyCount "154"]
[EventDate "2018.07.10"]
[EventType "team-tourn"]
[EventCountry "GRE"]
[SourceTitle "playchess.com"]
[Source "ChessBase"]
[SourceQuality "1"]

1. c4 Nf6 2. g3 g6 3. Bg2 Bg7 4. Nc3 d6 5. d3 e5 6. e4 Nc6 7. Nge2 Nd7 8. Be3 Nc5 9. O-O Ne6 10. f4 Ned4 11. Bf2 Bg4 12. h3 exf4 13. hxg4 f3 14. Nxd4 fxg2 15. Kxg2 Nxd4 16. Bxd4 Bxd4 17. Qf3 O-O 18. Ne2 Bg7 19. Rab1 a5 20. Qf4 h6 21. Rh1 a4 22. Rh2 Ra5 23. Ng1 Qd7 24. d4 Rg5 25. Rh4 f5 26. gxf5 gxf5 27. e5 dxe5 28. dxe5 Rg4 29. Rxg4 fxg4 30. Qe4 Re8 31. Qxb7 Rxe5 32. Rf1 Re3 33. Rf2 h5 34. Qd5+ Qxd5+ 35. cxd5 Be5 36. Rf5 Bd6 37. Rxh5 Rxg3+ 38. Kf2 Kg7 39. Ne2 Rf3+ 40. Kg2 Kg6 41. Rh4 Kg5 42. Rh8 Rd3 43. Ra8 Rd2 44. Kf1 g3 45. Rg8+ Kf5 46. Nxg3+ Kf4 47. Ne2+ Kf3 48. Ng1+ Ke3 49. Re8+ Kd3 50. Ra8 Bc5 51. Nh3 Rh2 52. Nf4+ Ke3 53. Ne6 Rf2+ 54. Kg1 Bd6 55. Rxa4 Rxb2 56. Rc4 Kd3 57. Rc1 Rxa2 58. Nxc7 Bf4 59. Rc6 Ke4 60. Ne6 Be3+ 61. Kh1 Kf3 62. Rc3 Rd2 63. Ng5+ Kf4 64. Nh3+ Ke4 65. d6 Rxd6 66. Kg2 Rg6+ 67. Kh2 Kf3 68. Ng1+ Kf2 69. Nh3+ Ke2 70. Rc2+ Kf3 71. Ra2 Rh6 72. Ra3 Rh8 73. Rb3 Rg8 74. Ng1+ Kf4 75. Nh3+ Ke4 76. Ra3 Bd4 77. Ra4 Rg7 0-1

[Event "46th GRE-chT Premier 2018"]
[Site "Rio Achaia"]
[Date "2018.07.13"]
[Round "5"]
[White "Stefan, Victor"]
[Black "Gavriil, Odysseas-Panagiotis"]
[Result "0-1"]
[WhiteElo "2102"]
[BlackElo "1910"]
[Annotator "NA"]
[PlyCount "81"]
[EventDate "2018.07.10"]
[EventType "team-tourn"]
[EventCountry "GRE"]
[SourceTitle "playchess.com"]
[Source "ChessBase"]
[SourceQuality "1"]

1. e4 c5 2. Nf3 d6 3. d4 cxd4 4. Nxd4 Nf6 5. Nc3 a6 6. Bg5 Nbd7 7. Qe2 e6 8. O-O-O Qc7 9. f4 Be7 10. g4 b5 11. Bg2 Bb7 12. Bxf6 Nxf6 13. e5 dxe5 14. Ndxb5 axb5 15. Qxb5+ Kf8 16. Qxb7 Qxb7 17. Bxb7 Ra7 18. Bf3 exf4 19. Kb1 g5 20. Nb5 Ra5 21. c4 h5 22. h3 e5 23. Rhe1 hxg4 24. hxg4 Rh3 25. Bb7 Nxg4 26. a3 Ra4 27. Bc8 Rg3 28. Bxg4 Rxg4 29. b3 Ra8 30. b4 f3 31. Rxe5 f2 32. Rf5 Rf4 33. Rxf4 gxf4 34. Rf1 Bh4 35. Nd6 Rxa3 36. Ne4 Rb3+ 37. Kc2 Rxb4 38. Kc3 Rb6 39. Nxf2 Bxf2 40. Rxf2 Rf6 41. Kd4 0-1

[Event "46th GRE-chT Premier 2018"]
[Site "Rio Achaia"]
[Date "2018.07.13"]
[Round "5"]
[White "Lagopatis, Nikolaos"]
[Black "Dimopoulos, Dimitrios"]
[Result "1-0"]
[WhiteElo "2100"]
[BlackElo "1944"]
[Annotator "NA"]
[PlyCount "121"]
[EventDate "2018.07.10"]
[EventType "team-tourn"]
[EventCountry "GRE"]
[SourceTitle "playchess.com"]
[Source "ChessBase"]
[SourceQuality "1"]

1. e4 e5 2. Nf3 Nf6 3. d3 Nc6 4. Be2 d5 5. Nbd2 Be7 6. O-O O-O 7. c3 h6 8. b4 a6 9. Bb2 Bg4 10. a3 Re8 11. Re1 Bf8 12. Qc2 Qd7 13. Rad1 Rad8 14. Qb1 Qc8 15. Nf1 dxe4 16. dxe4 Rxd1 17. Rxd1 Rd8 18. Ne3 Rxd1+ 19. Qxd1 Be6 20. Qc2 Nd7 21. Bc4 Nb6 22. Bxe6 Qxe6 23. c4 f6 24. Nd5 Qc8 25. h3 Nd7 26. Qd3 Nd8 27. Nh4 c6 28. Ne3 Ne6 29. c5 Qc7 30. Nhf5 g6 31. Qb3 Kf7 32. Nh4 g5 33. Nhf5 h5 34. Nc4 Be7 35. Nce3 Ndf8 36. Nxe7 Qxe7 37. Nf5 Qd7 38. Nd6+ Kg6 39. Qd1 Qc7 40. Bc1 Qd7 41. Be3 Nd8 42. Qf3 Qe6 43. Bxg5 Nf7 44. Nxf7 Qxf7 45. Qf5+ Kg7 46. Be3 Ne6 47. g3 Nf8 48. Kg2 Ne6 49. h4 Nf8 50. Qc8 Ne6 51. Kg1 Qe7 52. Kf1 Qf7 53. Ke1 Nd4 54. Kf1 Ne6 55. Kg2 Qe7 56. Qb8 Qd7 57. Qd6 Qxd6 58. cxd6 Kf7 59. f4 exf4 60. gxf4 f5 61. exf5 1-0

[Event "46th GRE-chT Premier 2018"]
[Site "Rio Achaia"]
[Date "2018.07.13"]
[Round "5"]
[White "Panagiotakos, Nikolaos"]
[Black "Frontzos, Ioannis"]
[Result "1-0"]
[WhiteElo "2100"]
[BlackElo "1480"]
[Annotator "NA"]
[PlyCount "81"]
[EventDate "2018.07.10"]
[EventType "team-tourn"]
[EventCountry "GRE"]
[SourceTitle "playchess.com"]
[Source "ChessBase"]
[SourceQuality "1"]

1. e4 e5 2. Nf3 Nc6 3. Nc3 Nf6 4. Bb5 d6 5. d4 exd4 6. Nxd4 Bd7 7. O-O Be7 8. Nxc6 Bxc6 9. Bxc6+ bxc6 10. b3 O-O 11. Bb2 Nd7 12. f4 Bf6 13. Qf3 Bd4+ 14. Kh1 c5 15. Rae1 a5 16. Na4 Bxb2 17. Nxb2 Nb6 18. e5 Qd7 19. f5 dxe5 20. f6 gxf6 21. Re4 Qe6 22. Nd3 Nd7 23. Qh5 Rfd8 24. Rf3 Kf8 25. Qxh7 Ke7 26. Qh4 Rh8 27. Qf2 Qd5 28. Re1 Qd4 29. Qe2 Qh4 30. h3 Rag8 31. Nf4 Kd8 32. Nd5 Rg3 33. Rd1 Rxf3 34. Qxf3 Kc8 35. Ne7+ Kb8 36. Nc6+ Kc8 37. Qf5 Kb7 38. Qxd7 Kb6 39. Nd8 Qe4 40. c4 f5 41. Qb5+ 1-0

[Event "46th GRE-chT Premier 2018"]
[Site "Rio Achaia"]
[Date "2018.07.13"]
[Round "5"]
[White "Homatidis, Panagiotis"]
[Black "Laspas, Panagiotis"]
[Result "1/2-1/2"]
[WhiteElo "2099"]
[BlackElo "1917"]
[Annotator "NA"]
[PlyCount "75"]
[EventDate "2018.07.10"]
[EventType "team-tourn"]
[EventCountry "GRE"]
[SourceTitle "playchess.com"]
[Source "ChessBase"]
[SourceQuality "1"]

1. e4 d5 2. exd5 Qxd5 3. Nc3 Qd6 4. d4 Nf6 5. Nge2 c6 6. Bf4 Qb4 7. Rb1 Qb6 8. Ng3 Be6 9. a3 g6 10. Na4 Qa5+ 11. c3 Nbd7 12. b4 Qd8 13. b5 Bg7 14. Be2 Nd5 15. Bd2 O-O 16. O-O N5b6 17. Nxb6 Nxb6 18. bxc6 bxc6 19. Qc1 Nd5 20. Bf3 Rb8 21. Ne4 Rxb1 22. Qxb1 Nb6 23. Nc5 Bd5 24. Bxd5 cxd5 25. Bg5 Qd6 26. Re1 e5 27. Qb4 Rc8 28. Be3 Nc4 29. Qb7 Qc7 30. Qxd5 exd4 31. cxd4 Qa5 32. Rf1 Nxa3 33. Qb7 Re8 34. Qc6 Qb5 35. Qc7 Nc2 36. Qxa7 Bxd4 37. Bxd4 Nxd4 38. Qd7 1/2-1/2

[Event "46th GRE-chT Premier 2018"]
[Site "Rio Achaia"]
[Date "2018.07.13"]
[Round "5"]
[White "Manelidis, Savvas"]
[Black "Mihopoulos, Konstantinos"]
[Result "1/2-1/2"]
[WhiteElo "2090"]
[BlackElo "2097"]
[Annotator "NA"]
[PlyCount "79"]
[EventDate "2018.07.10"]
[EventType "team-tourn"]
[EventCountry "GRE"]
[SourceTitle "playchess.com"]
[Source "ChessBase"]
[SourceQuality "1"]

1. e4 c5 2. Nf3 e6 3. d4 cxd4 4. Nxd4 Nf6 5. Nc3 Nc6 6. Ndb5 Bc5 7. Bf4 O-O 8. Bc7 Qe7 9. Bd6 Bxd6 10. Nxd6 Ne8 11. Nxe8 Rxe8 12. Qh5 d5 13. a3 d4 14. Ne2 g6 15. Qh6 e5 16. Ng3 Be6 17. Bd3 Qf8 18. Qd2 Qg7 19. h4 h5 20. O-O-O b5 21. Rdf1 Rab8 22. f4 exf4 23. Rxf4 b4 24. axb4 Nxb4 25. Nf5 gxf5 26. exf5 Na2+ 27. Kb1 Nc3+ 28. Kc1 Rxb2 29. Kxb2 Rb8+ 30. Ka1 Qe5 31. Rg4+ hxg4 32. Qg5+ Kf8 33. fxe6 Qxg5 34. hxg5 Rb4 35. Rf1 a5 36. exf7 Ra4+ 37. Kb2 Rb4+ 38. Ka1 Ra4+ 39. Kb2 Rb4+ 40. Ka1 1/2-1/2

[Event "46th GRE-chT Premier 2018"]
[Site "Rio Achaia"]
[Date "2018.07.13"]
[Round "5"]
[White "Krasteva, Beloslava"]
[Black "Markantonaki, Haritomeni"]
[Result "1-0"]
[WhiteElo "2086"]
[BlackElo "2152"]
[Annotator "NA"]
[PlyCount "117"]
[EventDate "2018.07.10"]
[EventType "team-tourn"]
[EventCountry "GRE"]
[SourceTitle "playchess.com"]
[Source "ChessBase"]
[SourceQuality "1"]

1. d4 Nf6 2. c4 e6 3. Nc3 Bb4 4. e3 O-O 5. Bd3 c5 6. Nge2 d5 7. cxd5 cxd4 8. exd4 Nxd5 9. O-O Nc6 10. Nxd5 exd5 11. a3 Be7 12. Nf4 g6 13. Be3 Bf6 14. Rc1 Ne7 15. Qf3 Be6 16. Nh5 Bh8 17. Nf6+ Bxf6 18. Qxf6 Nf5 19. Qe5 Nxe3 20. Qxe3 Re8 21. Qf4 Qb6 22. b4 a5 23. b5 Rac8 24. a4 Bd7 25. h4 Qe6 26. h5 Qg4 27. Qxg4 Bxg4 28. hxg6 hxg6 29. Rc5 Be6 30. Rfc1 Kf8 31. b6 Ke7 32. R1c2 Kd6 33. Bb5 Rh8 34. Rc7 g5 35. R2c5 Rhg8 36. Kf1 Rh8 37. Ke2 Rhg8 38. Kd2 Rh8 39. Ke2 Rhg8 40. Kd2 Rh8 41. Rc3 Rhg8 42. Rxb7 Rxc3 43. Kxc3 Rc8+ 44. Kd2 Ra8 45. Kc3 Rc8+ 46. Kb3 Ra8 47. Ra7 Rb8 48. Rxa5 Rxb6 49. Ra8 g4 50. Kb4 Bf5 51. a5 Rb7 52. Ra6+ Ke7 53. Kc5 Rc7+ 54. Rc6 Ra7 55. Kb6 Ra8 56. Rc7+ Kd6 57. a6 Rb8+ 58. Rb7 Ra8 59. a7 1-0

[Event "46th GRE-chT Premier 2018"]
[Site "Rio Achaia"]
[Date "2018.07.13"]
[Round "5"]
[White "Triantos, Konstantinos"]
[Black "Sotiropoulos, Anastasios-Theohar"]
[Result "0-1"]
[WhiteElo "2078"]
[BlackElo "1834"]
[Annotator "NA"]
[PlyCount "60"]
[EventDate "2018.07.10"]
[EventType "team-tourn"]
[EventCountry "GRE"]
[SourceTitle "playchess.com"]
[Source "ChessBase"]
[SourceQuality "1"]

1. e4 e6 2. d4 d5 3. Nd2 Be7 4. Bd3 c5 5. dxc5 Nf6 6. Qe2 O-O 7. Ngf3 a5 8. O-O Na6 9. e5 Nd7 10. c3 Naxc5 11. Bc2 b6 12. Re1 Ba6 13. Qe3 f6 14. b4 fxe5 15. bxc5 Bxc5 16. Nd4 Qf6 17. N2f3 Rae8 18. Bd2 h6 19. Nxe5 Nxe5 20. Qxe5 Qxf2+ 21. Kh1 Qxd2 22. Nxe6 Rf6 23. Bf5 Qf2 24. Qc7 Bf8 25. Bh3 Bc8 26. Qc6 Bxe6 27. Qxe8 Bxh3 28. gxh3 Qf3+ 29. Kg1 Kh7 30. Rad1 Bc5+ 0-1

[Event "46th GRE-chT Premier 2018"]
[Site "Rio Achaia"]
[Date "2018.07.13"]
[Round "5"]
[White "Tsagkaropoulos, Spyridon"]
[Black "Vragoteris, Antonios"]
[Result "1-0"]
[WhiteElo "2052"]
[BlackElo "2160"]
[Annotator "NA"]
[PlyCount "73"]
[EventDate "2018.07.10"]
[EventType "team-tourn"]
[EventCountry "GRE"]
[SourceTitle "playchess.com"]
[Source "ChessBase"]
[SourceQuality "1"]

1. d4 Nf6 2. c4 Nc6 3. Nf3 e6 4. Bg5 h6 5. Bh4 Ne7 6. Nc3 Ng6 7. Bg3 Bb4 8. Qc2 Bxc3+ 9. bxc3 Nh5 10. e3 d6 11. Bd3 Ne7 12. Rb1 c5 13. O-O Nxg3 14. hxg3 Qc7 15. Nd2 Bd7 16. f4 b6 17. Nf3 O-O-O 18. a4 Nc6 19. e4 Na5 20. Rfe1 Kb8 21. e5 dxe5 22. Rxe5 Nb7 23. a5 f6 24. axb6 axb6 25. Re2 g5 26. Qa2 Bc6 27. Rxe6 Rd6 28. Rxd6 Qxd6 29. Rxb6 Qe7 30. Rxc6 Qe3+ 31. Qf2 Qxd3 32. Rxf6 Qxc3 33. Rb6 Rc8 34. dxc5 Qxc4 35. Ne5 Qc1+ 36. Kh2 gxf4 37. c6 1-0

[Event "46th GRE-chT Premier 2018"]
[Site "Rio Achaia"]
[Date "2018.07.13"]
[Round "5"]
[White "Alexakis, Georgios"]
[Black "Kordis, Konstantinos"]
[Result "1-0"]
[WhiteElo "2045"]
[BlackElo "2100"]
[Annotator "NA"]
[PlyCount "93"]
[EventDate "2018.07.10"]
[EventType "team-tourn"]
[EventCountry "GRE"]
[SourceTitle "playchess.com"]
[Source "ChessBase"]
[SourceQuality "1"]

1. e4 c5 2. Nf3 d6 3. d4 cxd4 4. Qxd4 Nc6 5. Bb5 Bd7 6. Bxc6 Bxc6 7. Nc3 Nf6 8. Bg5 e6 9. O-O-O Be7 10. Rhe1 O-O 11. Kb1 Qa5 12. Qd2 Qa6 13. Nd4 Rfc8 14. f3 b5 15. g4 b4 16. Nce2 Be8 17. Ng3 Qa4 18. Nh5 Rc5 19. Bxf6 Bxf6 20. Nxf6+ gxf6 21. Nb3 Rc6 22. g5 Ra6 23. Nc1 fxg5 24. Qxg5+ Kf8 25. Rg1 Rc8 26. Rg2 Qa5 27. Qxa5 Rxa5 28. Rxd6 Rh5 29. Ne2 a5 30. Nf4 Rh4 31. Nd3 Bb5 32. Ne5 Ke7 33. Rb6 Be8 34. a3 bxa3 35. bxa3 Rc5 36. Rb7+ Kf8 37. Rxf7+ Bxf7 38. Nd7+ Ke7 39. Nxc5 Rf4 40. Rg3 h5 41. Nd3 Rf6 42. h4 Be8 43. c4 Ba4 44. Kc1 Rf8 45. Kd2 Rb8 46. Rg5 Rb3 47. Rxh5 1-0

[Event "46th GRE-chT Premier 2018"]
[Site "Rio Achaia"]
[Date "2018.07.13"]
[Round "5"]
[White "Kostas, Panagiotis"]
[Black "Fragkos, Vasilios"]
[Result "1/2-1/2"]
[WhiteElo "2041"]
[BlackElo "2066"]
[Annotator "NA"]
[PlyCount "29"]
[EventDate "2018.07.10"]
[EventType "team-tourn"]
[EventCountry "GRE"]
[SourceTitle "playchess.com"]
[Source "ChessBase"]
[SourceQuality "1"]

1. d4 d5 2. Bf4 Nf6 3. e3 e6 4. Nf3 Bd6 5. Bxd6 Qxd6 6. c4 b6 7. Nc3 O-O 8. Rc1 Qb4 9. a3 Qxb2 10. Nb5 a6 11. Rb1 Qa2 12. Ra1 Qb2 13. Rb1 Qa2 14. Ra1 Qb2 15. Rb1 1/2-1/2

[Event "46th GRE-chT Premier 2018"]
[Site "Rio Achaia"]
[Date "2018.07.13"]
[Round "5"]
[White "Zenelis, Konstantinos"]
[Black "Boviatsis, Charalampos"]
[Result "0-1"]
[WhiteElo "2036"]
[BlackElo "1979"]
[Annotator "NA"]
[PlyCount "70"]
[EventDate "2018.07.10"]
[EventType "team-tourn"]
[EventCountry "GRE"]
[SourceTitle "playchess.com"]
[Source "ChessBase"]
[SourceQuality "1"]

1. e4 d6 2. d4 Nf6 3. Nc3 g6 4. Bg5 Bg7 5. Qd2 c6 6. Nf3 b5 7. a3 O-O 8. Be2 a6 9. Rd1 Qc7 10. O-O Bb7 11. Bh6 Nbd7 12. Bxg7 Kxg7 13. Qe3 e5 14. Nh4 Rae8 15. f4 exd4 16. Qxd4 c5 17. Qxd6 Qxd6 18. Rxd6 b4 19. axb4 cxb4 20. Na2 Bxe4 21. Bxa6 Rb8 22. Bd3 Nc5 23. Bxe4 Nfxe4 24. Rd4 b3 25. cxb3 Rxb3 26. Nc3 Nxc3 27. bxc3 Rxc3 28. Nf3 Rb8 29. f5 Rb2 30. fxg6 hxg6 31. Ne5 f6 32. Nf3 Rcc2 33. Nh4 g5 34. Nf5+ Kg6 35. h4 Rxg2+ 0-1

[Event "46th GRE-chT Premier 2018"]
[Site "Rio Achaia"]
[Date "2018.07.13"]
[Round "5"]
[White "Pappas, Apostolos"]
[Black "Panagiotakopoulos, Gerasimos"]
[Result "1-0"]
[WhiteElo "2034"]
[BlackElo "2165"]
[Annotator "NA"]
[PlyCount "89"]
[EventDate "2018.07.10"]
[EventType "team-tourn"]
[EventCountry "GRE"]
[SourceTitle "playchess.com"]
[Source "ChessBase"]
[SourceQuality "1"]

1. Nf3 d5 2. c4 c6 3. g3 Nf6 4. Bg2 Bg4 5. Ne5 Bf5 6. cxd5 cxd5 7. Qa4+ Nbd7 8. Nc3 e6 9. g4 Bg6 10. h4 h6 11. Nxg6 fxg6 12. d3 Bc5 13. g5 hxg5 14. hxg5 Nh5 15. Qg4 Qb6 16. e3 d4 17. Qe4 dxc3 18. Qxg6+ Ke7 19. bxc3 e5 20. Qe4 Qc6 21. Rb1 Bb6 22. Ba3+ Bc5 23. Rxb7 Qxe4 24. Bxc5+ Kd8 25. Rxd7+ Kxd7 26. Bxe4 Rab8 27. d4 Rb2 28. dxe5 Rxa2 29. O-O Ke6 30. Bd6 Ra4 31. Bf3 Kf5 32. Rc1 Rc4 33. Be2 Rh4 34. Bf3 Rc4 35. Bd5 Re4 36. Bxe4+ Kxe4 37. Kg2 g6 38. Ra1 Ng7 39. Rxa7 Nf5 40. Ra4+ Kd3 41. Rf4 Ke2 42. e4 Ng7 43. Rf6 Rc8 44. Rxg6 Nh5 45. e6 1-0

[Event "46th GRE-chT Premier 2018"]
[Site "Rio Achaia"]
[Date "2018.07.13"]
[Round "5"]
[White "Skaraki, Antigoni"]
[Black "Szczepkowska, Karina"]
[Result "0-1"]
[WhiteElo "2027"]
[BlackElo "2396"]
[Annotator "NA"]
[PlyCount "60"]
[EventDate "2018.07.10"]
[EventType "team-tourn"]
[EventCountry "GRE"]
[SourceTitle "playchess.com"]
[Source "ChessBase"]
[SourceQuality "1"]

1. e4 e5 2. Nf3 Nc6 3. Bb5 a6 4. Ba4 Nf6 5. d3 d6 6. c3 g6 7. Nbd2 Bg7 8. Nf1 O-O 9. Bg5 h6 10. Bh4 b5 11. Bc2 d5 12. exd5 Qxd5 13. Ne3 Qd7 14. Qd2 Nh5 15. g4 Nf4 16. O-O-O Bb7 17. Rhe1 Rfe8 18. d4 b4 19. Nxe5 Nxe5 20. dxe5 Qxd2+ 21. Rxd2 bxc3 22. bxc3 Bxe5 23. Kb2 a5 24. Bg3 Rab8 25. Kc1 Ba6 26. Nd5 g5 27. Bxf4 gxf4 28. Ba4 Re6 29. Bd7 Bd6 30. Nb4 Rxe1+ 0-1

[Event "46th GRE-chT Premier 2018"]
[Site "Rio Achaia"]
[Date "2018.07.13"]
[Round "5"]
[White "Tsivelekidou, Evgenia"]
[Black "Bastianou, Chrysoula"]
[Result "1/2-1/2"]
[WhiteElo "2007"]
[BlackElo "1710"]
[Annotator "NA"]
[PlyCount "118"]
[EventDate "2018.07.10"]
[EventType "team-tourn"]
[EventCountry "GRE"]
[SourceTitle "playchess.com"]
[Source "ChessBase"]
[SourceQuality "1"]

1. d4 Nf6 2. Nf3 e6 3. Bg5 h6 4. Bh4 d6 5. e3 g5 6. Bg3 Nh5 7. Bd3 Bg7 8. c3 Nd7 9. Nfd2 Nxg3 10. hxg3 Qe7 11. Na3 a6 12. e4 b6 13. Qe2 Bb7 14. Nc2 c5 15. f4 d5 16. exd5 Bxd5 17. Bxa6 cxd4 18. Nxd4 Bxd4 19. cxd4 gxf4 20. gxf4 Bxg2 21. Qxg2 Rxa6 22. Rc1 Qf6 23. Qe4 Rxa2 24. Nc4 O-O 25. Ke2 Rfa8 26. Ke3 R2a4 27. Rcg1+ Kf8 28. Qc6 e5 29. Qxf6 Nxf6 30. Nxb6 exf4+ 31. Kf3 R8a6 32. Nxa4 Rxa4 33. Rxh6 Nd5 34. Ke4 Nc7 35. Rd1 Ne6 36. Rh5 Rb4 37. Rd2 Ke7 38. Rf5 f6 39. Ra5 Kd6 40. Ra6+ Ke7 41. Ra3 Kd6 42. Kf5 Nxd4+ 43. Ke4 f5+ 44. Kxf4 Kc5 45. Ke5 Nc6+ 46. Kxf5 Nd4+ 47. Kg5 Rb3 48. Rxb3 Nxb3 49. Rh2 Kc4 50. Kf4 Nc5 51. Ke3 Na4 52. Rc2+ Kb3 53. Rc8 Nxb2 54. Kd4 Na4 55. Rb8+ Kc2 56. Rb4 Nb2 57. Ke3 Kc3 58. Rb8 Nc4+ 59. Ke2 Kd4 1/2-1/2

[Event "46th GRE-chT Premier 2018"]
[Site "Rio Achaia"]
[Date "2018.07.13"]
[Round "5"]
[White "Kadianis, Georgios"]
[Black "Papadopoulos, Panteleimon"]
[Result "1-0"]
[WhiteElo "2002"]
[BlackElo "1422"]
[Annotator "NA"]
[PlyCount "43"]
[EventDate "2018.07.10"]
[EventType "team-tourn"]
[EventCountry "GRE"]
[SourceTitle "playchess.com"]
[Source "ChessBase"]
[SourceQuality "1"]

1. e4 e5 2. Nf3 Nc6 3. d4 exd4 4. Nxd4 Bc5 5. Nb3 Bb6 6. Nc3 Nf6 7. Qe2 d6 8. Be3 O-O 9. O-O-O Re8 10. f3 Be6 11. g4 d5 12. Bxb6 axb6 13. Qf2 Qd6 14. Kb1 Red8 15. g5 Nh5 16. exd5 Nb4 17. dxe6 Qxe6 18. Rxd8+ Rxd8 19. Qh4 Qg6 20. Qxb4 Qxg5 21. Bd3 Qg2 22. Re1 1-0

[Event "46th GRE-chT Premier 2018"]
[Site "Rio Achaia"]
[Date "2018.07.13"]
[Round "5"]
[White "Tsironis, Alexandros"]
[Black "Poulopoulos, Ioannis"]
[Result "0-1"]
[WhiteElo "1994"]
[BlackElo "2268"]
[Annotator "NA"]
[PlyCount "102"]
[EventDate "2018.07.10"]
[EventType "team-tourn"]
[EventCountry "GRE"]
[SourceTitle "playchess.com"]
[Source "ChessBase"]
[SourceQuality "1"]

1. e4 e5 2. f4 exf4 3. Nf3 d5 4. exd5 Bg4 5. Bb5+ c6 6. dxc6 Nxc6 7. d4 Qa5+ 8. Nc3 Bb4 9. Bxc6+ bxc6 10. O-O O-O-O 11. Qd3 g5 12. Ne4 Bxf3 13. Qxf3 h6 14. Qh3+ Kb7 15. a3 Be7 16. c3 Qd5 17. Qd3 f5 18. Nd2 Nf6 19. Re1 Rhe8 20. b4 Bd6 21. Rxe8 Rxe8 22. c4 Qe6 23. c5 Bc7 24. b5 Qe3+ 25. Qxe3 fxe3 26. bxc6+ Kxc6 27. Nf3 g4 28. Ne1 Nd5 29. g3 h5 30. Nd3 a5 31. Kg2 Rb8 32. Kf1 h4 33. gxh4 Bxh2 34. Nb2 Bc7 35. Nc4 f4 36. Ke2 Rh8 37. Bb2 Rxh4 38. Kd3 Rh2 39. Rg1 g3 40. Bc1 g2 41. Ke4 Rh1 42. Rxg2 Rxc1 43. Rg6+ Kb5 44. Kxd5 Rxc4 45. Rg7 e2 46. Rxc7 Rxd4+ 47. Kxd4 e1=Q 48. Rb7+ Kc6 49. Rb6+ Kc7 50. Kc4 Qe2+ 51. Kd5 Qd3+ 0-1

[Event "46th GRE-chT Premier 2018"]
[Site "Rio Achaia"]
[Date "2018.07.13"]
[Round "5"]
[White "Papageorgiou, Ioannis"]
[Black "Konstantelias, Konstantinos"]
[Result "1-0"]
[WhiteElo "1983"]
[BlackElo "1942"]
[Annotator "NA"]
[PlyCount "55"]
[EventDate "2018.07.10"]
[EventType "team-tourn"]
[EventCountry "GRE"]
[SourceTitle "playchess.com"]
[Source "ChessBase"]
[SourceQuality "1"]

1. e4 d5 2. exd5 Qxd5 3. Nf3 Nf6 4. Be2 Bg4 5. O-O e6 6. h3 Bh5 7. d4 Nc6 8. c4 Qd7 9. Be3 O-O-O 10. Nc3 Bxf3 11. Bxf3 Nxd4 12. Bxd4 Qxd4 13. Bxb7+ Kb8 14. Qe2 Bd6 15. Rfd1 Qb6 16. Bf3 Kc8 17. a3 c5 18. b4 Be7 19. Nd5 Nxd5 20. cxd5 cxb4 21. axb4 Rd6 22. Rac1+ Kd7 23. dxe6+ fxe6 24. Bc6+ Kc7 25. Rxd6 Bxd6 26. Qxe6 Bxb4 27. Be8+ Bc5 28. Qe7+ 1-0

[Event "46th GRE-chT Premier 2018"]
[Site "Rio Achaia"]
[Date "2018.07.13"]
[Round "5"]
[White "Loutragotis, Paraskevas Pantelei"]
[Black "Alexakis, Dimitris"]
[Result "0-1"]
[WhiteElo "1980"]
[BlackElo "2232"]
[Annotator "NA"]
[PlyCount "62"]
[EventDate "2018.07.10"]
[EventType "team-tourn"]
[EventCountry "GRE"]
[SourceTitle "playchess.com"]
[Source "ChessBase"]
[SourceQuality "1"]

1. Nf3 Nf6 2. c4 e6 3. g3 d5 4. b3 d4 5. d3 c5 6. Bg2 Nc6 7. e3 e5 8. O-O Bd6 9. exd4 cxd4 10. Ba3 O-O 11. Re1 Re8 12. Bxd6 Qxd6 13. a3 a5 14. Nbd2 Nd7 15. Ng5 h6 16. Nge4 Qf8 17. g4 Nd8 18. g5 Ne6 19. Qg4 Ra6 20. gxh6 f5 21. hxg7 Nxg7 22. Qh4 fxe4 23. Bxe4 Nf6 24. Bg6 Nf5 25. Qg5 Nh7 26. Qh5 Qg7 27. Kh1 Rxg6 28. Rg1 Nf8 29. Ne4 Bd7 30. Rxg6 Nxg6 31. Rg1 Nfe7 0-1

[Event "46th GRE-chT Premier 2018"]
[Site "Rio Achaia"]
[Date "2018.07.13"]
[Round "5"]
[White "Fragkou, Eleni"]
[Black "Manelidou, Maria"]
[Result "0-1"]
[WhiteElo "1979"]
[BlackElo "2078"]
[Annotator "NA"]
[PlyCount "120"]
[EventDate "2018.07.10"]
[EventType "team-tourn"]
[EventCountry "GRE"]
[SourceTitle "playchess.com"]
[Source "ChessBase"]
[SourceQuality "1"]

1. e4 e5 2. Nf3 Nc6 3. d4 exd4 4. Nxd4 Qf6 5. Nxc6 Bc5 6. Qf3 dxc6 7. Nc3 Be6 8. Qg3 O-O-O 9. Be3 Bxe3 10. Qxe3 Kb8 11. Bd3 Nh6 12. h3 Rhe8 13. O-O-O Qe7 14. f4 f6 15. Rde1 Qb4 16. a3 Qa5 17. g4 Bg8 18. e5 fxe5 19. fxe5 Re7 20. Rhf1 Rde8 21. Qg5 Nf7 22. Qxg7 a6 23. e6 Qg5+ 24. Qxg5 Nxg5 25. Re5 h6 26. Rf6 Bxe6 27. Rxh6 Nf7 28. Rexe6 Rxe6 29. Rxe6 Rxe6 30. h4 Re1+ 31. Kd2 Rg1 32. Be2 Nh6 33. g5 Nf5 34. Ne4 Nxh4 35. Ke3 Kc8 36. Kf4 Kd8 37. Ng3 Ng6+ 38. Kf5 Ne7+ 39. Kg4 Ke8 40. Bf1 Nf5 41. Kxf5 Rxg3 42. Kg6 Ke7 43. Bd3 c5 44. a4 c6 45. Kf5 b5 46. axb5 cxb5 47. g6 c4 48. Be4 a5 49. Bc6 b4 50. Bd5 c3 51. b3 Rg1 52. Be4 Rf1+ 53. Ke5 Rg1 54. Kd5 Kf6 55. Kc5 Rg5+ 56. Kb6 Re5 57. Bd3 Rd5 58. Be4 Rd4 59. Bc6 Rd6 60. Kc5 Rxc6+ 0-1